Регионална библиотека "Любен Каравелов" - Русе

Лъв (Запис номер 99874)

MARC детайли
000 -Лидер
Контролно поле с фиксирана дължина 01496nam a2200373 c 4500
003 - Код на организацията, давaща контролен номер
Контролно поле BLK
005 - Дата и час на последна редакция
Контролно поле 20180420225948.0
008 - Елементи от данни с фиксирана дължина
fixed length control field 180409b bul|||||r ||||||| ||bul||
010 ## - Наследен системен номер
LC control number KNG00104890000
020 ## - Международен стандартен номер на книга ISBN
Международен стандартен номер на книга ISBN 954-474-277-8
-- издат.: Кибеа
040 ## - Източник на каталожния запис
Идентификатор на билиотеката - собственик на записа BLK
041 ## - Код за език
Код за езика на текст/звукозапис или на отделно заглавие Български
Код за езика КДБФ Български
080 ## - УДК
Текстов определител УДК Астрология
УДК код - определител по УДК 133.52
УДК определител
УДК - код + определител 133.52
100 1# - Редна дума - Автор
Автор Паркър, Джулия
Авторска отговорност първи автор
R(LIN) 308220
139 ## - Редно поле
Редна дума Паркър, Джулия и др.
Авторски знак Пар - П 22
245 10 - Сведения за заглавието
Заглавие Лъв
Подзаглавни данни 23 юли - 23 авг.
Редно поле (дума) Джулия Паркър; съавт. Дерек Паркър; прев. от англ. Жанета Тенева Шинкова; ил. Моник Лухандр; ил. Данута Майер.
257 ## - Страна на издаване
Страна на създаване/издаване Великобритания
260 ## - Област на издателските данни
-- София
Име на издателя, разпространителя и проч. Кибеа
Година на издаване 2001
Печатница Отпеч. в Словакия
300 ## - Физическа характеристика
Страници 16 с.
Илюстрации и др. с цв. ил., табл.
Размери/Мащаб 16 см
380 ## - Жанр
Жанр Философия
490 1# - СЕРИИ (Колекции)
Име на серия Библиотека Слънчеви и лунни знаци
500 ## - Общи забележки
Забележка Без сведение за ориг. загл.
650 #4 - Допълнително описание по предмет – тема
Основно описание – тема или топоним Астрология
9 (RLIN) 147757
653 ## - Ключова дума – ненормативна
Ключова дума зодии
700 1# - Други автори (авторска отговорност)
Лично име Паркър, Дерек
Автороска отговорност (Описва отношението между автора и произведението) съавт.
9 (RLIN) 308221
700 1# - Други автори (авторска отговорност)
Лично име Шинкова, Жанета Тенева
Автороска отговорност (Описва отношението между автора и произведението) прев. от англ.
9 (RLIN) 143460
700 1# - Други автори (авторска отговорност)
Лично име Лухандр, Моник
Автороска отговорност (Описва отношението между автора и произведението) ил.
9 (RLIN) 89991
700 1# - Други автори (авторска отговорност)
Лично име Майер, Данута
Автороска отговорност (Описва отношението между автора и произведението) ил.
9 (RLIN) 308222
852 ## - Местоположение
Форматна сигнатура Цб І 30791
856 4# - Електронен адрес и достъп
Електронен формат pdf - файл
Път до файла /url/
856 4# - Електронен адрес и достъп
Електронен формат pdf - файл
Път до файла /url/
942 ## - АРТИКУЛИ
Вид на библиотечния материал Книги
Скрит в OPAC Не
944 ## - СЪЗДАВАНЕ И РЕДАКЦИЯ на ЗАПИСА
Създаване/Редакция Създаване
Дата на регистрацията/редакция 01.01.2001
Служител, извършил регистрацията/редакцията Цветанка_Енчева
944 ## - СЪЗДАВАНЕ И РЕДАКЦИЯ на ЗАПИСА
Създаване/Редакция Редакция
Дата на регистрацията/редакция 23.11.2004
Служител, извършил регистрацията/редакцията
999 ## - СИСТЕМНИ КОНТРОЛНИ НОМЕРА
Koha biblionumber 99874
Koha biblioitemnumber 99874
Наличности
Код за отписване Код за изгубен артикул Код за повреда Коз за рестрикции Код за отдаване Артикулен № Име на библиотеката - собственик Име на библиотеката, в която се намира в момента Статус (Текущо местоположение) Дата на вписване в системата Местоположение - отдел Цена в лева Инвентарен номер Систематично азбучна сигнатура Баркод Номер на екземпляра Цена в евро Служебна бележка Служебен тип на артикула
  Не е изгубен Не е повреден без рестрикции ползва се в читалня 160879 Регионална библиотека "Любен Каравелов" Русе Регионална библиотека "Любен Каравелов" Русе Хранилище 2003-02-10 Хранилище 0.00 120000674628 Цб I 30791 120000674628 1 0.00 Дост: Dp Вид: Д N: 19 Дата: 24.04.2002 Книги
Vip Innovations Ltd, Rousse, Bulgaria 2025